000 00704nam a22002057a 4500
999 _c182141
_d182141
005 20211026150202.0
010 _aENG-130080
020 _a978-93-88424-88-2
_c195.00
035 _aEN-113612
037 _bDBAD/PUB
082 _a153.4
100 _aGoidani, Narendra
245 _aThink About it:
_bQuestions are Powerful/
_cby Narendra Goidani
250 _a2019
260 _bVishwakarma Publications
_c2019
_aMaharashtra
270 _a34A/1, Suyog Center, 7th floor, Gultekedi Marketyard Road, Giridhar Bhavan Chowk,
_e411037
_bPune
_minfo@vpindia.co.in
_k9168682200
300 _a93p.
_c19cm (pbk)
942 _2ddc
_cEN
_h153.4
_mgoi